000 00964nam a2200229Ia 4500
001 L222-4885
003 IT-CnALBA
008 170116s9999||||xx |||||||||||||| ||und||
040 _aIT-CnALBA
_cIT-CnALBA
041 _aITALIANO
100 _aNOGARA GIUSEPPE, ARCIVESCOVO
245 0 _aNOZIONI BIBLICHE. DAL LIBRO DI GIOSUÈ AI LIBRI DEI MACCABEI
250 _a1a ed.
260 _aMILANO
_bPALMA GIUS. LIBR. REL. EDIT.
_c1916 [1° Ed.:1916 - Ed.Ling.Originale: 1916]
300 _a172 p. (prefazione: 78)
500 _aOPERA E LIBRO DI GIOSUÈ. LIBRO DEI GIUDICI. RUTH. PARALIPOMENI ESDRA MACCABEI. TOBIA GIUDITTA ESTER.
501 _aSocietà San Paolo EM - Piazza San Paolo, 14 - 12051 ALBA (CN) (non commercial uses only) ® Copyright 2017
520 _aOPERA E LIBRO DI GIOSUÈ. LIBRO DEI GIUDICI. RUTH. PARALIPOMENI ESDRA MACCABEI. TOBIA GIUDITTA ESTER.
650 _aLIBRI STORICI DELL'ANTICO TESTAMENTO
942 _cBK
957 _71
999 _a5868
_bSI
_g Copie: 1
_c264076
_d264076